Statistics for Country Flags Hard Mode

Click here to take the quiz!

General Stats

  • This quiz has been taken 289 times
  • The average score is 9 of 12

Answer Stats

Answer% Correct
Brunei
95%
Liechtenstein
84%
Bahrain
81%
Sierra Leone
81%
Grenada
79%
Dominica
78%
Palau
78%
Tuvalu
73%
Vanuatu
73%
Tajikistan
72%
São Tomé and Príncipe
70%
Solomon Islands
67%

Score Distribution

Percentile by Number Answered

Percent of People with Each Score

Your Score History

You have not taken this quiz